00307nam a2200121Ia 4500008004100000041000800041082001500049100001300064245003500077260003300112300003100145365000900176240624s9999 xx 000 0 und d aeng a658.87 SUR aSURESH K aRETAILING CONCEPTS AND CASES I c2006aHyderabadbICFAI Press axiv, : 190 : p. : cm. ; 24 cb30